000 00392nam a2200145Ia 4500
005 20250321025244.0
008 240331s9999 xx 000 0 und d
082 _bGAN
_a891
245 0 _aKumarata liyuu lipi
260 _aColombo
_bKumaran Bookshop
_c1991
300 _a78 p .,
500 _aLetters written to a son from father based this book
700 _aGaneshalingan,S
_eedt
942 _cL
999 _c4862
_d4862